00198nam a2200085 4500100001800000245003100018250000700049260004800056300000800104 aPeirce Foster aA Short Table of Integrals a4e aNew DelhibOxford &IBH Publishing CO.c1956 a189